La dinámica de los grupos pequeños /

Guardado en:
Bibliografiske detaljer
Hovedforfatter: Anzieu, Didier (autor)
Andre forfattere: Martin, Jacques-Yves (autor) (autor)
Format: Bog
Sprog:spansk
Udgivet: Buenos Aires, Argentina : Kapelusz, 1971, c1971
Serier:(Biblioteca de Psicología Contemporánea ; 34)
Fag:
Tags: Tilføj Tag
Ingen Tags, Vær først til at tagge denne postø!

MARC

LEADER 00000nam^a2200000^a^4500
001 000182928
005 20250521000000.0
009 20260310102024.289
037 |a Acervo ITESO - Biblioteca 
041 |a ESP 
082 |a 302. 34  |b ANZ 
100 |a Anzieu, Didier  |e (autor) 
240 1 4 |a [La dinámica de los grupos pequeños] 
245 1 3 |a La dinámica de los grupos pequeños /  |c D. Anzieu, J.Y. Martin ; tr. por Marina E. Arater de Hombría. 
264 4 |a Buenos Aires, Argentina :  |b Kapelusz,  |c 1971, c1971 
300 |a 238 p. 
336 |a texto  |b txt  |2 rdacontenido 
337 |a sin mediación  |b n  |2 rdamedio 
338 |a volumen  |b nc  |2 rdasoporte 
440 1 |a (Biblioteca de Psicología Contemporánea ;  |v 34) 
500 |a Traducción de: La dynamique des groupes restreints 
649 |a XX 
650 |a Dinámica de Grupos -  |x Tema Principal 
650 |a Comunicación Grupal y Comunitaria 
650 |a Psicoterapia Grupal 
650 |a Grupos Sociales 
650 |a Afectividad 
650 |a Poder (Ciencias Sociales) 
650 |a Psicología Clínica 
650 |a Psicología Social 
700 |a Martin, Jacques-Yves  |e (autor) 
910 |a Fondo Armando Suárez Gómez 
920 |a Impresos - Libros 
930 |a Fondos Especiales 
905 |a 111 
901 |a 0700002783  |b IT2  |c ESP  |u 20250521 
902 |a https://opac.biblio.iteso.mx/vufind/Record/000182928